[Event "NWFD Ch 2019 Men"]
[Site "St. Petersburg"]
[Date "2019.03.10"]
[Round "4.1"]
[White "Samojlov, Anton"]
[Black "Rozum, Ivan"]
[Result "1/2-1/2"]
[WhiteElo "2332"]
[BlackElo "2573"]
[PlyCount "32"]
[EventDate "2019.03.07"]

1. e4 c5 2. Nc3 a6 3. Nf3 e6 4. d4 cxd4 5. Nxd4 Qc7 6. Qd3 Nf6 7. Qg3 d6 8. Be3
b5 9. a3 Bb7 10. f3 Nbd7 11. O-O-O Ne5 12. Ndxb5 axb5 13. Nxb5 Qc6 14. Na7 Qc7
15. Nb5 Qc6 16. Na7 Qc7 1/2-1/2

[Event "NWFD Ch 2019 Men"]
[Site "St. Petersburg"]
[Date "2019.03.10"]
[Round "4.2"]
[White "Solozhenkin, Evgeniy"]
[Black "Toivonen, Alexander V"]
[Result "0-1"]
[WhiteElo "2460"]
[BlackElo "2304"]
[PlyCount "100"]
[EventDate "2019.03.07"]

1. e4 e5 2. Nf3 Nf6 3. Nc3 Bb4 4. Nxe5 O-O 5. Be2 Re8 6. Nd3 Bxc3 7. dxc3 Nxe4
8. Nf4 Nc6 9. O-O d6 10. c4 Bf5 11. Nd5 Ne7 12. Ne3 Bd7 13. Bf3 Ng6 14. g3 Bh3
15. Re1 c6 16. Ng2 d5 17. cxd5 cxd5 18. Nf4 Nxf4 19. Bxf4 Qb6 20. Be3 Qxb2 21.
Qxd5 Rad8 22. Qh5 Bc8 23. Bxa7 Re5 24. Qh4 g5 25. Qh5 g4 26. Qh4 Nf6 27. Bg2
Qc3 28. Red1 Rxd1+ 29. Rxd1 Re1+ 30. Rxe1 Qxe1+ 31. Bf1 Qe5 32. c3 Qxc3 33.
Qg5+ Kf8 34. Bc5+ Ke8 35. Bd6 h6 36. Qxh6 Kd7 37. Qf8 Ke6 38. Bb4 Qc7 39. Qh6
Qe5 40. Bc4+ Kd7 41. Qd2+ Ke8 42. Qc1 Be6 43. Bf1 Ne4 44. Qe3 Ng5 45. Qxe5 Nf3+
46. Kg2 Nxe5 47. Bb5+ Kd8 48. a3 Bd5+ 49. Kf1 Nf3 50. Ke2 Nd4+ 0-1

[Event "NWFD Ch 2019 Men"]
[Site "St. Petersburg"]
[Date "2019.03.10"]
[Round "4.3"]
[White "Cherepanov, Vladislav"]
[Black "Nesterov, Arseniy"]
[Result "0-1"]
[WhiteElo "2302"]
[BlackElo "2412"]
[PlyCount "54"]
[EventDate "2019.03.07"]

1. d4 d5 2. c4 c6 3. cxd5 cxd5 4. Bf4 Nc6 5. e3 Nf6 6. Nc3 a6 7. Be2 e6 8. h3
Bd6 9. Bxd6 Qxd6 10. f4 g5 11. g3 Ne4 12. Nxe4 dxe4 13. Kf2 gxf4 14. gxf4 Bd7
15. Rc1 Rg8 16. a3 Ne7 17. Qc2 Rc8 18. Qd2 Rxc1 19. Qxc1 Nf5 20. Qc5 Qxc5 21.
dxc5 Nh4 22. Bg4 h5 23. Be2 Rg2+ 24. Kf1 Ke7 25. b4 Kf6 26. Ke1 Nf5 27. Bf1 Ra2
0-1

[Event "NWFD Ch 2019 Men"]
[Site "St. Petersburg"]
[Date "2019.03.10"]
[Round "4.4"]
[White "Cherniaev, Alexander"]
[Black "Rudenko, Naum"]
[Result "1/2-1/2"]
[WhiteElo "2405"]
[BlackElo "2231"]
[PlyCount "65"]
[EventDate "2019.03.07"]

1. e4 e6 2. Nf3 d5 3. e5 c5 4. c3 Nc6 5. d4 Qb6 6. a3 Nh6 7. b4 cxd4 8. b5 Na5
9. Bxh6 gxh6 10. cxd4 Bd7 11. Nbd2 Rg8 12. g3 Rg4 13. Be2 Bxb5 14. O-O Bxe2 15.
Qxe2 Qa6 16. Qe3 Rc8 17. Rfb1 b5 18. Qd3 Nc4 19. a4 bxa4 20. h3 Rg6 21. Nxc4
dxc4 22. Qe4 c3 23. Ne1 a3 24. Nc2 Be7 25. Qb7 Qc6 26. Qxc6+ Rxc6 27. Rb7 f6
28. exf6 Rxf6 29. Rxa7 Rf5 30. Rb1 Rd5 31. Rbb7 Bf6 32. Rxa3 Rd7 33. Rxd7
1/2-1/2

[Event "NWFD Ch 2019 Men"]
[Site "St. Petersburg"]
[Date "2019.03.10"]
[Round "4.5"]
[White "Makarov, Leonid"]
[Black "Gogolev, Artem"]
[Result "1/2-1/2"]
[WhiteElo "2097"]
[BlackElo "2388"]
[PlyCount "69"]
[EventDate "2019.03.07"]

1. d4 Nf6 2. Bf4 e6 3. e3 b6 4. Nf3 Bb7 5. Nbd2 g6 6. Bd3 Bg7 7. c3 O-O 8. h4
h6 9. h5 Nxh5 10. Bxh6 Bxh6 11. g4 Nf4 12. Rxh6 Kg7 13. exf4 Kxh6 14. Qe2 Kg7
15. O-O-O d6 16. Ng5 Nd7 17. Nde4 Bxe4 18. Qxe4 Qf6 19. Qe3 Rh8 20. f5 exf5 21.
gxf5 Rae8 22. Qg3 Rh6 23. Rg1 Reh8 24. Kc2 Nf8 25. Kb3 Rh1 26. Rg2 R1h5 27. f4
d5 28. fxg6 fxg6 29. f5 c5 30. c4 Rxg5 31. Qxg5 Qxg5 32. Rxg5 Rh3 33. Kc2 dxc4
34. Bxc4 Kf6 35. fxg6 1/2-1/2

[Event "NWFD Ch 2019 Men"]
[Site "St. Petersburg"]
[Date "2019.03.10"]
[Round "4.6"]
[White "Petrushev, Nikita"]
[Black "Zaykov, Sergey"]
[Result "0-1"]
[WhiteElo "2238"]
[BlackElo "2138"]
[PlyCount "72"]
[EventDate "2019.03.07"]

1. e4 c5 2. Nf3 e6 3. d4 cxd4 4. Nxd4 a6 5. Bd3 Qc7 6. Qe2 Nc6 7. Nxc6 dxc6 8.
e5 b5 9. a4 Bb7 10. O-O Ne7 11. axb5 axb5 12. Rxa8+ Bxa8 13. Qe4 Nd5 14. Bd2 g6
15. Re1 Bg7 16. b3 b4 17. Bg5 O-O 18. Nd2 h6 19. Bh4 c5 20. Nc4 Nb6 21. Qe3
Nxc4 22. Bxc4 Bb7 23. f3 Ra8 24. Bf2 Bf8 25. Qf4 Rd8 26. Qe3 Bc6 27. Bh4 Rd4
28. Bf6 Qd7 29. Bd3 Kh7 30. Bc4 Bb7 31. Kf1 Bd5 32. Be2 Bc6 33. Ra1 c4 34. bxc4
Bc5 35. Bd3 Rxc4 36. Qe1 Rxc2 0-1

[Event "NWFD Ch 2019 Men"]
[Site "St. Petersburg"]
[Date "2019.03.10"]
[Round "4.7"]
[White "Osoblivi, Grigory"]
[Black "Skuratovich, Yakov"]
[Result "1-0"]
[WhiteElo "2222"]
[BlackElo "2101"]
[PlyCount "73"]
[EventDate "2019.03.07"]

1. e4 c5 2. Nf3 Nf6 3. e5 Nd5 4. Nc3 Nxc3 5. dxc3 e6 6. Bd3 Nc6 7. O-O Qc7 8.
Re1 h6 9. Qe2 b6 10. a3 Bb7 11. b4 d5 12. bxc5 Bxc5 13. a4 O-O-O 14. Ba3 g5 15.
Bxc5 bxc5 16. Ba6 Bxa6 17. Qxa6+ Kb8 18. Rab1+ Ka8 19. Qb5 c4 20. Qc5 Rc8 21.
Kf1 Qd8 22. h3 h5 23. Nd4 Nxd4 24. Qxd4 Qa5 25. Rb5 Qxa4 26. Reb1 Rc7 27. Qd2
g4 28. Qc1 Qa6 29. Qh6 Qc8 30. Qc1 gxh3 31. gxh3 Rg8 32. Qb2 f6 33. exf6 e5 34.
Ke2 h4 35. Qb4 d4 36. Qd6 Rd8 37. Rb8+ 1-0

[Event "NWFD Ch 2019 Men"]
[Site "St. Petersburg"]
[Date "2019.03.10"]
[Round "4.8"]
[White "Semenenko, Sergey"]
[Black "Zasypkin, Alexey"]
[Result "1-0"]
[WhiteElo "2143"]
[BlackElo "2184"]
[PlyCount "127"]
[EventDate "2019.03.07"]

1. d4 Nf6 2. c4 g6 3. Nc3 Bg7 4. e4 O-O 5. Be3 d6 6. f3 b6 7. Bd3 Bb7 8. Nge2
c5 9. d5 e6 10. Qd2 exd5 11. exd5 a6 12. a4 Nbd7 13. b3 Ne5 14. Bc2 Ne8 15. O-O
Nc7 16. h3 f5 17. f4 Nd7 18. Rab1 b5 19. Kh1 b4 20. Nd1 Ne8 21. Ng1 Nef6 22.
Nf3 h6 23. Bf2 Ne4 24. Bxe4 fxe4 25. Ng1 Qf6 26. Ne2 g5 27. fxg5 Qxg5 28. Qxg5
hxg5 29. Ne3 Bd4 30. Ng4 e3 31. Bg3 Ne5 32. Nh6+ Kh7 33. Nf5 Rad8 34. Nfxd4
cxd4 35. Nxd4 Nd3 36. Ne6 Rxf1+ 37. Rxf1 Rb8 38. Rf3 Nf2+ 39. Bxf2 exf2 40.
Rxf2 Kg6 41. g4 Re8 42. Re2 Kf6 43. Kg2 Bc8 44. Kg3 Rh8 45. Rf2+ Kg6 46. Rf8
Rxf8 47. Nxf8+ Kf6 48. Kf3 Ke5 49. Ke3 a5 50. Nh7 Bd7 51. Nxg5 Be8 52. Nf3+ Kf6
53. Kf4 Bg6 54. Nd4 Bb1 55. h4 Kg6 56. h5+ Kh6 57. Nf5+ Kh7 58. g5 Bc2 59. g6+
Kg8 60. h6 Bxb3 61. h7+ Kh8 62. Kg5 Bc2 63. Kh6 Bxf5 64. g7# 1-0

[Event "NWFD Ch 2019 Men"]
[Site "St. Petersburg"]
[Date "2019.03.10"]
[Round "4.9"]
[White "Kuznetsov, Mikhail"]
[Black "Mironov, Vadim"]
[Result "0-1"]
[WhiteElo "1895"]
[BlackElo "2181"]
[PlyCount "62"]
[EventDate "2019.03.07"]

1. d4 Nf6 2. c4 g6 3. f3 Bg7 4. e4 O-O 5. Nc3 d6 6. Be3 e5 7. d5 Nh5 8. g4 Nf4
9. Qd2 f5 10. gxf5 gxf5 11. O-O-O Kh8 12. Nge2 Ng6 13. exf5 Nh4 14. Ng3 Nxf3
15. Qg2 Nh4 16. Qh3 Nxf5 17. Bd3 Nh4 18. Qf1 Rxf1 19. Rdxf1 Bh3 20. Rf7 Kg8 21.
Rxg7+ Kxg7 22. Nh5+ Kf7 23. Ne4 Nf3 24. Be2 Bg2 25. Rd1 Qh4 26. Nhg3 Nd7 27.
Bxf3 Bxf3 28. Rf1 Kg8 29. Rxf3 Rf8 30. Bg5 Qxh2 31. Re3 h6 0-1

[Event "NWFD Ch 2019 Men"]
[Site "St. Petersburg"]
[Date "2019.03.10"]
[Round "4.10"]
[White "Suleymanyants, Odisey"]
[Black "Osetrov, Dmitrij"]
[Result "1-0"]
[WhiteElo "2259"]
[BlackElo "1775"]
[PlyCount "167"]
[EventDate "2019.03.07"]

1. e4 c5 2. Nf3 Nc6 3. g3 d6 4. Bg2 g6 5. O-O Bg7 6. d3 e6 7. Nbd2 Nge7 8. a4
O-O 9. Nc4 d5 10. exd5 exd5 11. Ne3 h6 12. Nd2 Be6 13. Nb3 Qd6 14. Re1 Rfe8 15.
Ng4 g5 16. h4 f6 17. d4 b6 18. dxc5 bxc5 19. c4 Rad8 20. hxg5 hxg5 21. Nxc5
Bxg4 22. Qxg4 Qxc5 23. Qe6+ Kf8 24. cxd5 Nxd5 25. Be3 Rxe6 26. Bxc5+ Kf7 27.
Red1 Nb6 28. Rxd8 Nxd8 29. a5 Nd7 30. Bxa7 Ke8 31. a6 Nc6 32. Be3 Ndb8 33. a7
Nxa7 34. Rxa7 Nd7 35. Bh3 Rd6 36. Bxd7+ Rxd7 37. Rxd7 Kxd7 38. Bd4 Ke6 39. Kf1
Bf8 40. Ke2 f5 41. Kd3 Kd5 42. Be3 g4 43. Bd4 Bd6 44. Be3 Bb4 45. Ba7 Bd6 46.
Be3 Bb4 47. b3 Be1 48. Ba7 Bb4 49. Ke3 Bc3 50. Kf4 Ke6 51. Bc5 Bd2+ 52. Be3 Bc3
53. Bc1 Bd4 54. Be3 Bc3 55. Kg5 Bb4 56. Ba7 Bd2+ 57. Kh5 Bb4 58. Be3 Ke5 59.
Kg6 Ke6 60. Bd4 Bd2 61. Bc5 f4 62. Kh5 Kf5 63. b4 Bc3 64. b5 Be5 65. Kh4 Bf6+
66. Kh5 Be5 67. gxf4 Kxf4 68. b6 Kf5 69. Kh4 Bf6+ 70. Kg3 Be5+ 71. Kg2 Ke4 72.
b7 Bb8 73. Be7 g3 74. f3+ Kd5 75. Bh4 Kc6 76. Bxg3 Kxb7 77. Bxb8 Kxb8 78. Kg3
Kc8 79. Kg4 Kd7 80. Kf5 Ke7 81. Kg6 Kf8 82. Kf6 Kg8 83. f4 Kf8 84. f5 1-0

[Event "NWFD Ch 2019 Men"]
[Site "St. Petersburg"]
[Date "2019.03.10"]
[Round "4.11"]
[White "Napalkov, Vladimir"]
[Black "Nekipelov, Dimitry"]
[Result "1/2-1/2"]
[WhiteElo "2034"]
[BlackElo "2197"]
[PlyCount "51"]
[EventDate "2019.03.07"]

1. d4 Nf6 2. c4 e6 3. Nc3 Bb4 4. e3 O-O 5. Bd3 d5 6. Nf3 c5 7. O-O Nc6 8. a3
Bxc3 9. bxc3 Na5 10. cxd5 c4 11. Bc2 Nxd5 12. Bd2 b5 13. e4 Ne7 14. e5 Nf5 15.
Ng5 h6 16. Ne4 Qh4 17. f4 Bb7 18. Rb1 Nb3 19. Nf6+ gxf6 20. Be1 Ne3 21. Bxh4
Nxd1 22. Rfxd1 f5 23. Bxb3 cxb3 24. Rxb3 Bc6 25. Rd3 Kh7 26. Rg3 1/2-1/2

[Event "NWFD Ch 2019 Men"]
[Site "St. Petersburg"]
[Date "2019.03.10"]
[Round "4.12"]
[White "Karalkin, Maksim"]
[Black "Zhuravlev, Aleksandr"]
[Result "0-1"]
[WhiteElo "2174"]
[BlackElo "2021"]
[PlyCount "112"]
[EventDate "2019.03.07"]

1. e4 e6 2. d4 d5 3. exd5 exd5 4. Nf3 Nf6 5. Bd3 Bd6 6. Qe2+ Qe7 7. Qxe7+ Kxe7
8. O-O Re8 9. Re1+ Kf8 10. Rxe8+ Kxe8 11. Nc3 Nc6 12. Bg5 Bg4 13. Nb5 h6 14.
Nxd6+ cxd6 15. Bxf6 gxf6 16. c3 Bxf3 17. gxf3 Kf8 18. Re1 Na5 19. Kg2 Re8 20.
Re3 Rc8 21. Kg3 Nc4 22. Re2 b5 23. Kg4 Rc7 24. Kh5 Kg7 25. f4 a5 26. f3 b4 27.
cxb4 axb4 28. Rg2+ Kf8 29. Rc2 Ra7 30. b3 Ne3 31. Rd2 Kg7 32. Re2 Re7 33. Re1
Kf8 34. Re2 Kg7 35. h3 Kf8 36. Re1 Ng2 37. Rxe7 Kxe7 38. Kxh6 Nxf4 39. Bf1 Kf8
40. Kh7 Ne6 41. Bg2 Nxd4 42. f4 Ne6 43. f5 Nf4 44. Bf3 Nxh3 45. Bxd5 Nf4 46.
Bc6 d5 47. Kh6 d4 48. Bb7 d3 49. Be4 d2 50. Bc2 Ne2 51. Kh5 Nc3 52. Kg4 d1=Q+
53. Bxd1 Nxd1 54. Kf3 Nc3 55. Ke3 Nxa2 56. Kd3 Ke7 0-1

[Event "NWFD Ch 2019 Men"]
[Site "St. Petersburg"]
[Date "2019.03.10"]
[Round "4.13"]
[White "Arkhipov, Vladislav"]
[Black "Radkov, Bazhen D"]
[Result "1/2-1/2"]
[WhiteElo "2019"]
[BlackElo "2150"]
[PlyCount "25"]
[EventDate "2019.03.07"]

1. e4 c5 2. Nf3 e6 3. b3 d6 4. Bb2 Nf6 5. e5 dxe5 6. Nxe5 a6 7. Bd3 Bd6 8. O-O
Bxe5 9. Bxe5 Nc6 10. Bb2 O-O 11. Na3 b5 12. Bxf6 gxf6 13. Bxh7+ 1/2-1/2

[Event "NWFD Ch 2019 Men"]
[Site "St. Petersburg"]
[Date "2019.03.10"]
[Round "4.14"]
[White "Ufimtsev, Egor"]
[Black "Yarosh, Ruslan"]
[Result "1/2-1/2"]
[WhiteElo "2148"]
[BlackElo "1977"]
[PlyCount "59"]
[EventDate "2019.03.07"]

1. d4 d5 2. Nf3 Nf6 3. g3 e6 4. Bg2 Bd6 5. O-O Nbd7 6. c4 c6 7. Nbd2 O-O 8. Qc2
Qc7 9. e4 dxe4 10. Nxe4 Nxe4 11. Qxe4 Nf6 12. Qe2 b6 13. b3 Bb7 14. Bb2 c5 15.
d5 exd5 16. Bxf6 gxf6 17. Nh4 Be5 18. cxd5 Bxa1 19. d6 Qd7 20. Bxb7 Qxb7 21.
Rxa1 Qd5 22. Rd1 Qe5 23. Qf3 Rad8 24. Rd5 Qe1+ 25. Kg2 Qe6 26. Rh5 Rfe8 27. Nf5
Qe4 28. Ne7+ Rxe7 29. dxe7 Qxf3+ 30. Kxf3 1/2-1/2

[Event "NWFD Ch 2019 Men"]
[Site "St. Petersburg"]
[Date "2019.03.10"]
[Round "4.15"]
[White "Shoshin, Kirill"]
[Black "Shpak, Alexandr"]
[Result "0-1"]
[WhiteElo "1811"]
[BlackElo "2141"]
[PlyCount "54"]
[EventDate "2019.03.07"]

1. d4 Nf6 2. Bg5 Ne4 3. Bf4 c5 4. e3 Qb6 5. Nc3 Nxc3 6. bxc3 d5 7. Nf3 Nc6 8.
Be2 Qb2 9. c4 Qc3+ 10. Nd2 cxd4 11. cxd5 e5 12. dxc6 exf4 13. cxb7 Bxb7 14.
Bb5+ Bc6 15. Bxc6+ Qxc6 16. Qe2 dxe3 17. fxe3 Be7 18. O-O O-O 19. exf4 Bf6 20.
Rad1 Qxc2 21. Qc4 Rac8 22. Qxc2 Rxc2 23. Ne4 Bd8 24. Rd2 Bb6+ 25. Kh1 Rfc8 26.
Nd6 Rxd2 27. Nxc8 Bc5 0-1

[Event "NWFD Ch 2019 Men"]
[Site "St. Petersburg"]
[Date "2019.03.10"]
[Round "4.16"]
[White "Balakin, Vadim"]
[Black "Gashev, Matvei"]
[Result "0-1"]
[WhiteElo "2072"]
[BlackElo "1806"]
[PlyCount "100"]
[EventDate "2019.03.07"]

1. e4 c5 2. Nf3 d6 3. Bb5+ Bd7 4. Bxd7+ Qxd7 5. O-O Nc6 6. c3 Nf6 7. Qe2 e6 8.
d4 cxd4 9. cxd4 d5 10. e5 Ne4 11. Rd1 Rc8 12. Be3 Be7 13. Ne1 h6 14. f3 Ng5 15.
Nc3 O-O 16. Nd3 b6 17. Bf2 f6 18. f4 Nf7 19. f5 Nfd8 20. fxe6 Nxe6 21. exf6
Bxf6 22. Ne5 Bxe5 23. dxe5 d4 24. Nb5 Qd5 25. Nc3 Qc5 26. Qg4 Rce8 27. Ne4 Qxe5
28. Bg3 Nf4 29. Re1 Qe6 30. Qd1 Qg6 31. Qb3+ Kh7 32. Bxf4 Rxf4 33. Nf2 Ne5 34.
Rxe5 Rxe5 35. Nd3 Qe4 36. Nxe5 Qxe5 37. Qd3+ Qe4 38. Qxe4+ Rxe4 39. Kf2 d3 40.
Re1 Rc4 41. Ke3 Rc2 42. Kxd3 Rxb2 43. a4 Rxg2 44. Re7 a5 45. Re2 Rxe2 46. Kxe2
g5 47. Kd3 h5 48. Ke4 g4 49. Kf5 Kh6 50. Kf4 Kg6 0-1

[Event "NWFD Ch 2019 Men"]
[Site "St. Petersburg"]
[Date "2019.03.10"]
[Round "4.17"]
[White "Andronov, Mikhail G"]
[Black "Maslyakov, Ivan"]
[Result "0-1"]
[WhiteElo "2187"]
[BlackElo "1741"]
[PlyCount "92"]
[EventDate "2019.03.07"]

1. e4 e6 2. d4 d5 3. Nd2 Nf6 4. e5 Nfd7 5. c3 c5 6. f4 Nc6 7. Ndf3 cxd4 8. cxd4
f6 9. Bd3 Be7 10. Ne2 O-O 11. O-O Qb6 12. Kh1 Rd8 13. a3 a5 14. Bc2 Nf8 15. Qd3
Bd7 16. Be3 a4 17. Nc3 Nb8 18. g4 Qa6 19. Qd2 Bb5 20. Rg1 Nc6 21. f5 fxe5 22.
dxe5 d4 23. Nxb5 dxe3 24. Qe2 Rd5 25. Bd3 Rad8 26. Bc4 Rc5 27. f6 gxf6 28. exf6
Bxf6 29. Rac1 Qb6 30. Nc3 Ne5 31. Ne4 Nxc4 32. Nxf6+ Kf7 33. Rxc4 Rxc4 34. Qxc4
Kxf6 35. Qf4+ Kg7 36. Qe5+ Kg8 37. Re1 Rd3 38. h4 Ng6 39. Qg5 e2 40. Kg2 Qc6
41. Qf6 Nxh4+ 42. Qxh4 Qxf3+ 43. Kh2 Qf4+ 44. Kg2 Rd1 45. Qe7 Qf1+ 46. Kh2 Qf2+
0-1

[Event "NWFD Ch 2019 Men"]
[Site "St. Petersburg"]
[Date "2019.03.10"]
[Round "4.18"]
[White "Ivanov, Rodion"]
[Black "Krasovskiy, Sviatoslav"]
[Result "0-1"]
[WhiteElo "1941"]
[BlackElo "2145"]
[PlyCount "130"]
[EventDate "2019.03.07"]

1. e4 Nf6 2. e5 Nd5 3. d4 d6 4. Nf3 Bg4 5. c4 Nb6 6. h3 Bxf3 7. Qxf3 Nc6 8. e6
fxe6 9. Be3 g6 10. Nc3 Qd7 11. c5 dxc5 12. dxc5 Nd5 13. Rd1 O-O-O 14. Bc4 Ne5
15. Qe2 Nxc4 16. Qxc4 Bg7 17. Bd4 Nxc3 18. bxc3 e5 19. c6 Qd5 20. Qxd5 Rxd5 21.
cxb7+ Kxb7 22. Be3 Ra5 23. Rd2 e4 24. Bd4 Bxd4 25. cxd4 Rd8 26. Ke2 e5 27. Rb2+
Kc8 28. dxe5 Rxe5 29. Rhb1 Rd6 30. Rb4 Rb6 31. Ke3 Ra5 32. a4 Rg5 33. g3 Rf5
34. Rxb6 axb6 35. Rb4 Re5 36. Kf4 Rf5+ 37. Ke3 Re5 38. g4 Kd7 39. Kf4 Kd6 40.
h4 h6 41. Rd4+ Rd5 42. Rxe4 c5 43. Ke3 h5 44. Rf4 Ke6 45. g5 Rf5 46. Rc4 Kd5
47. Rc2 Re5+ 48. Kf3 Re4 49. Rb2 Rb4 50. Rd2+ Rd4 51. Rb2 Rb4 52. Rd2+ Ke5 53.
a5 Rb3+ 54. Kg2 bxa5 55. Ra2 c4 56. Rxa5+ Kd4 57. Ra6 c3 58. Rd6+ Kc5 59. Rd1
Kc4 60. Rd6 c2 61. Rc6+ Kd3 62. Rd6+ Ke2 63. Re6+ Kd2 64. Rd6+ Rd3 65. Rc6 c1=Q
0-1

[Event "NWFD Ch 2019 Men"]
[Site "St. Petersburg"]
[Date "2019.03.10"]
[Round "4.19"]
[White "Lvov, Nikita"]
[Black "Starkov, Valery"]
[Result "1-0"]
[WhiteElo "1936"]
[BlackElo "2048"]
[PlyCount "77"]
[EventDate "2019.03.07"]

1. d4 Nf6 2. c4 g6 3. Nf3 Bg7 4. g3 c6 5. Nc3 d5 6. Bg2 O-O 7. O-O Ne4 8. cxd5
cxd5 9. Ne5 Nxc3 10. bxc3 Nc6 11. Nxc6 bxc6 12. e4 Be6 13. Ba3 Qd7 14. Qa4 dxe4
15. Bxe4 Rfc8 16. Rfe1 Bf6 17. Bc5 Rc7 18. Rab1 Bd5 19. Qc2 Bxe4 20. Qxe4 e6
21. Rb3 Kg7 22. Reb1 Qd5 23. Qxd5 cxd5 24. Rb7 Rac8 25. R1b3 e5 26. Rxc7 Rxc7
27. Bd6 Rc4 28. dxe5 Bd8 29. Rb8 Bc7 30. Rc8 Bxd6 31. Rxc4 dxc4 32. exd6 Kf6
33. Kg2 Ke6 34. Kf3 Kxd6 35. Ke4 Kc5 36. Ke5 Kb5 37. Kd5 a5 38. f4 f5 39. Kd4
1-0

[Event "NWFD Ch 2019 Men"]
[Site "St. Petersburg"]
[Date "2019.03.10"]
[Round "4.20"]
[White "Chuklin, Alexey"]
[Black "Ponikarovsky, Alexey"]
[Result "1/2-1/2"]
[WhiteElo "1875"]
[BlackElo "1991"]
[PlyCount "98"]
[EventDate "2019.03.07"]

1. Nf3 c5 2. g3 Nc6 3. Bg2 g6 4. O-O Bg7 5. d3 e5 6. c4 d6 7. Nc3 f5 8. e4 fxe4
9. dxe4 Nf6 10. Nh4 Bg4 11. f3 Be6 12. b3 O-O 13. Be3 Nd4 14. Qd2 Qd7 15. Rf2
a6 16. Qd3 Rab8 17. Bf1 Nh5 18. Qd1 b5 19. cxb5 axb5 20. Rb1 b4 21. Ne2 Ra8 22.
Rb2 Qf7 23. Nc1 Kh8 24. Ne2 Qe7 25. Nc1 Rf7 26. Ng2 Raf8 27. Ne1 Bf6 28. Qd2
Qd8 29. Kg2 g5 30. g4 Nf4+ 31. Kg1 h5 32. h3 Qd7 33. Rh2 Rh7 34. Kh1 Rff7 35.
Bg1 Rh6 36. Ncd3 Rfh7 37. Qd1 Qc6 38. Nc2 hxg4 39. hxg4 Bxg4 40. Nxd4 exd4 41.
Nxf4 gxf4 42. fxg4 Qxe4+ 43. Bg2 Rxh2+ 44. Bxh2 Qe3 45. Re2 Qg3 46. Be4 Be5 47.
Rg2 Qe3 48. Re2 Qg3 49. Rg2 Qe3 1/2-1/2

[Event "NWFD Ch 2019 Men"]
[Site "St. Petersburg"]
[Date "2019.03.10"]
[Round "4.21"]
[White "Rumiantsev, Rafail"]
[Black "Schetchikov, Vladimir"]
[Result "1-0"]
[WhiteElo "1982"]
[BlackElo "1814"]
[PlyCount "87"]
[EventDate "2019.03.07"]

1. e4 c5 2. Nc3 Nc6 3. f4 g6 4. Nf3 Bg7 5. Bb5 Nd4 6. Nxd4 cxd4 7. Ne2 a6 8.
Bd3 d6 9. O-O e6 10. Qe1 Ne7 11. b3 Nc6 12. a3 O-O 13. Bb2 f5 14. Ng3 e5 15.
exf5 exf4 16. Rxf4 Qg5 17. Qf1 Be5 18. Rf3 Bd7 19. fxg6 hxg6 20. Be4 Kg7 21.
Qd3 Rxf3 22. Qxf3 Rf8 23. Qd3 Rh8 24. Bxc6 Bxc6 25. Bxd4 Qh4 26. Bxe5+ dxe5 27.
h3 Rd8 28. Qe3 Qf4 29. Qxf4 exf4 30. Nf1 Kf6 31. Kf2 Bb5 32. d3 Rc8 33. c4 Bd7
34. Re1 Bf5 35. d4 a5 36. a4 Rc6 37. Nd2 g5 38. Kf3 Re6 39. Rxe6+ Bxe6 40. Ne4+
Kg6 41. d5 Bf5 42. c5 Kh5 43. c6 bxc6 44. dxc6 1-0

[Event "NWFD Ch 2019 Men"]
[Site "St. Petersburg"]
[Date "2019.03.10"]
[Round "4.22"]
[White "Mikhailov, Stepan"]
[Black "Pozdeev, Dmitry"]
[Result "1/2-1/2"]
[WhiteElo "1958"]
[BlackElo "1370"]
[PlyCount "44"]
[EventDate "2019.03.07"]

1. b3 e5 2. Bb2 Nc6 3. e4 Nf6 4. d3 Bc5 5. Be2 d6 6. Nf3 g5 7. Nc3 g4 8. Nd2 a6
9. Nc4 h5 10. Qd2 Be6 11. Ne3 Nd4 12. Ncd5 Nxd5 13. exd5 Bd7 14. c3 Nxe2 15.
Qxe2 Qe7 16. O-O-O O-O-O 17. Kb1 f5 18. Rhe1 Rde8 19. g3 Rhf8 20. Ng2 Qg5 21.
Qd2 Qxd2 22. Rxd2 f4 1/2-1/2

[Event "NWFD Ch 2019 Men"]
[Site "St. Petersburg"]
[Date "2019.03.10"]
[Round "4.23"]
[White "Iurtsius, Sergei"]
[Black "Ananjev, Ilija"]
[Result "0-1"]
[WhiteElo "1841"]
[BlackElo "1755"]
[PlyCount "76"]
[EventDate "2019.03.07"]

1. e4 c5 2. Nf3 d6 3. d4 cxd4 4. Nxd4 Nf6 5. Nc3 a6 6. Bg5 e6 7. f4 Be7 8. Qf3
Nbd7 9. O-O-O Qc7 10. Kb1 b5 11. Bxf6 Nxf6 12. Bxb5+ axb5 13. Ndxb5 Qb6 14. e5
Bb7 15. Nxd6+ Bxd6 16. Rxd6 Qxd6 17. Qxb7 Rb8 18. Nb5 Qb6 19. Nc7+ Kd7 20. Rd1+
Nd5 21. Qxb6 Rxb6 22. Nxd5 exd5 23. Rxd5+ Ke6 24. Rd4 h5 25. c4 h4 26. a3 h3
27. g3 Rb3 28. Ka2 Rxg3 29. hxg3 h2 30. Rd1 h1=Q 31. Rxh1 Rxh1 32. b4 Rg1 33.
Kb3 Rxg3+ 34. Ka4 Rc3 35. Kb5 Rxa3 36. c5 Kd5 37. Kb6 g5 38. Kb7 Rc3 0-1

[Event "NWFD Ch 2019 Men"]
[Site "St. Petersburg"]
[Date "2019.03.10"]
[Round "4.24"]
[White "Petrov, Alexandr"]
[Black "Trushnikov, Viacheslav"]
[Result "1-0"]
[WhiteElo "1793"]
[BlackElo "1734"]
[PlyCount "45"]
[EventDate "2019.03.07"]

1. d4 d5 2. Nf3 g6 3. Bg5 Bg7 4. e3 Nf6 5. Bd3 O-O 6. Nbd2 c6 7. O-O Re8 8. Ne5
Nbd7 9. f4 Nb6 10. f5 h6 11. fxg6 fxg6 12. Bh4 g5 13. Bg3 Nbd7 14. Ndf3 Ne4 15.
Nf7 Qc7 16. N3e5 Nxg3 17. Nxd7 Bxd7 18. hxg3 g4 19. Bh7+ Kxh7 20. Qd3+ Kg8 21.
Nxh6+ Kh8 22. Nf7+ Kg8 23. Ng5 1-0

[Event "NWFD Ch 2019 Men"]
[Site "St. Petersburg"]
[Date "2019.03.10"]
[Round "4.25"]
[White "Bratus, Petr P"]
[Black "Nikitin, Vladimir"]
[Result "1-0"]
[WhiteElo "2097"]
[BlackElo "1817"]
[PlyCount "136"]
[EventDate "2019.03.07"]

1. d4 Nf6 2. c4 g6 3. Nc3 Bg7 4. Nf3 O-O 5. g3 d6 6. Bg2 Nbd7 7. O-O c6 8. h3
Re8 9. e4 e5 10. Re1 Qc7 11. Be3 exd4 12. Nxd4 Nc5 13. Qc2 a5 14. Rad1 Bd7 15.
f4 Rad8 16. Bf2 Nh5 17. Kh2 Bc8 18. Rd2 Qe7 19. Qd1 Nf6 20. Qf3 Qc7 21. Nc2 Qe7
22. Bd4 Ne6 23. Bb6 Rd7 24. Bxa5 Nh5 25. Kh1 Nc5 26. Rde2 Qe6 27. b3 Rde7 28.
Kh2 Qd7 29. Nd1 Ne6 30. Bc3 Bh6 31. Bd2 Bg7 32. Nf2 Nc5 33. Bc3 Ne6 34. Bxg7
Kxg7 35. Qc3+ f6 36. Rd2 Qc7 37. Nd4 Nexf4 38. gxf4 Nxf4 39. Ne2 d5 40. Qf3 Qa5
41. Qxf4 g5 42. Qe3 dxe4 43. Ng3 Qc7 44. Rd4 h5 45. Kg1 h4 46. Ngxe4 Bf5 47.
Qf3 Qe5 48. Red1 Kg6 49. Nd6 Ra8 50. Nxf5 Qxf5 51. Qxf5+ Kxf5 52. a4 Re2 53.
R4d2 Re3 54. Rd3 Re2 55. Rf3+ Ke6 56. Ng4 f5 57. Re3+ Rxe3 58. Nxe3 Ke5 59. Kf2
Rg8 60. Rd7 g4 61. Re7+ Kf6 62. Rxb7 Rd8 63. hxg4 f4 64. Nf1 Rd3 65. Bxc6 h3
66. a5 Rc3 67. Be4 Ke5 68. Nd2 Rg3 1-0